00329nam a2200133Ia 45000010005000000080041000050820023000461000018000692450039000872600019001265900007001459010028001529990015001803828241024s9999 xx 000 0 und d aRD/368.4/C755/2014 a[*SIN AUTOR*] 0aSemana de la Seguridad Social 2014 bSerigrafc2014 asi a30/9/2014 11:41:01 a.m. c9336d9336